A Text Book of Enginnering Mathematics (Record no. 32087)
[ view plain ]
| 000 -LEADER | |
|---|---|
| fixed length control field | 00917nam a22002297a 4500 |
| 008 - FIXED-LENGTH DATA ELEMENTS--GENERAL INFORMATION | |
| fixed length control field | 091202t xxu||||| |||| 00| 0 eng d |
| 010 ## - LCCN (DPL NO) | |
| LC control number | B-365411 |
| 020 ## - INTERNATIONAL STANDARD BOOK NUMBER | |
| International Standard Book Number | 9788170089926 |
| Terms of availability | 675-00 |
| 035 ## - SYSTEM CONTROL NUMBER | |
| System control number | B-365411 |
| 037 ## - SOURCE OF ACQUISITION | |
| Stock number | UBH |
| Source of stock number/acquisition | RP/CL/E;21/91/21-11-09/25-11-09/27-11-09 |
| 040 ## - CATALOGING SOURCE | |
| Original cataloging agency | dpl |
| Language of cataloging | eng |
| 082 ## - DEWEY DECIMAL CLASSIFICATION NUMBER | |
| Classification number | 620.00139 |
| 100 ## - MAIN ENTRY--PERSONAL NAME | |
| Personal name | Bali,N.P |
| 245 ## - TITLE STATEMENT | |
| Title | A Text Book of Enginnering Mathematics |
| Statement of responsibility, etc | by N.P.Bali &Manish Goyal |
| 250 ## - EDITION STATEMENT | |
| Edition statement | 7thed |
| 260 ## - PUBLICATION, DISTRIBUTION, ETC. (IMPRINT) | |
| Place of publication, distribution, etc | New Delhi |
| Name of publisher, distributor, etc | Laxmi Publications Ltd |
| Date of publication, distribution, etc | 2009 |
| 270 ## - ADDRESS | |
| Address | 113, Golden House Daryaganj |
| City | New Delhi |
| Postal code | 110002 |
| Telephone number | 011-43532500 |
| Fax number | 011-43532528 |
| 300 ## - PHYSICAL DESCRIPTION | |
| Extent | 1522pgs |
| Dimensions | 24cm |
| 942 ## - ADDED ENTRY ELEMENTS (KOHA) | |
| Source of classification or shelving scheme | Dewey Decimal Classification |
| Item type | English Books |
| Classification part | 620.00139 |
| Call number suffix | BAL |
| Withdrawn status | Lost status | Source of classification or shelving scheme | Damaged status | Not for loan | Home library | Current library | Date acquired | Source of acquisition | Cost, normal purchase price | Total Checkouts | Full call number | Barcode | Date last seen | Copy number | Cost, replacement price | Koha item type |
|---|---|---|---|---|---|---|---|---|---|---|---|---|---|---|---|---|
| Dewey Decimal Classification | Central Library | Central Library | 28/11/2009 | RP/CL | 675.00 | 620.00139 | B-365411 | 02/12/2009 | 1 | 675.00 | English Books |
